[Event "Speed Chess Invitational"]
[Site "chess.com INT"]
[Date "2020.10.25"]
[Round "1.13"]
[White "Vidit, Santosh Gujrathi"]
[Black "Dubov, Daniil"]
[Result "1-0"]
[WhiteTitle "GM"]
[BlackTitle "GM"]
[WhiteElo "2726"]
[BlackElo "2699"]
[WhiteFideId "5029465"]
[BlackFideId "24126055"]
[EventDate "2020.10.25"]

1. Nf3 g6 2. g3 b6 3. Bg2 Bb7 4. O-O Bg7 5. c4 Nf6 6. Nc3 c5 7. d4 cxd4 8. Qxd4
d6 9. b3 Nbd7 10. Bb2 Rc8 11. Rfd1 O-O 12. Rac1 Rc5 13. Qd2 Re8 14. h3 Qa8 15.
Ba3 Rf5 16. g4 Rxf3 17. exf3 Bxf3 18. Bxf3 Qxf3 19. Qe3 Qa8 20. Nd5 Qd8 21. Kg2
h6 22. Nxf6+ Nxf6 23. Qf3 Nd7 24. Re1 Qc8 25. Rcd1 Ne5 26. Qe3 Qa6 27. Bb4 Qxa2
28. Ra1 Qc2 29. Rac1 Qd3 30. f4 Qxe3 31. Rxe3 Nc6 32. Bxd6 Rd8 33. Be5 Rd2+ 34.
Kf3 Bxe5 35. fxe5 Nd4+ 36. Ke4 Ne6 37. b4 a5 38. bxa5 Nc5+ 39. Kf3 bxa5 40. Ra1
a4 41. e6 f6 42. h4 Rc2 43. g5 hxg5 44. hxg5 fxg5 45. Re5 Rxc4 46. Rxg5 Rc3+ 47.
Ke2 Kg7 48. Rag1 Nxe6 49. Rxg6+ Kf7 50. R6g4 a3 51. Ra4 Rb3 52. Ra1 Rb2+ 53. Ke3
Rb3+ 54. Ke2 Kf6 55. R1xa3 Rb2+ 56. Ke3 Nc5 57. Rc4 Nd7 58. Ra6+ e6 59. Rf4+ Ke7
60. Ra7 Rb3+ 61. Kd2 e5 62. Rh4 Rb2+ 63. Kc3 Rg2 64. Rh7+ Ke6 65. Raxd7 Rg3+ 66.
Rd3 Rg8 67. Rh6+ Kf5 68. Rh5+ Ke4 69. Rh4+ Kf5 70. Rf3+ Ke6 71. Ra4 Kd6 72. Ra6+
Kd5 73. Ra5+ Ke4 74. Rf1 Rc8+ 75. Kd2 Rb8 76. Re1+ Kd4 77. Rexe5 Rb2+ 78. Kc1
Rg2 79. Rad5+ Kc3 80. Kd1 Rg1+ 81. Ke2 Rg2+ 82. Kf3 Rg8 83. Re3+ Kc4 84. Rde5
Rf8+ 85. Ke4 Rh8 86. Rf3 Rh4+ 87. Rf4 Rh1 88. Kf5+ Kd3 89. Ree4 Rh5+ 90. Kg4 Rb5
91. Rd4+ Ke3 92. Rfe4+ Kf2 93. Rd2+ Kf1 94. Kf3 Rf5+ 95. Ke3 Rb5 96. Rc4 Rb3+
97. Kd4 Ke1 98. Rh2 Kd1 99. Ra4 1-0

[Event "Speed Chess Invitational"]
[Site "chess.com INT"]
[Date "2020.10.25"]
[Round "1.1"]
[White "Xiong, Jeffery"]
[Black "Bortnyk, Olexandr"]
[Result "1-0"]
[WhiteTitle "GM"]
[BlackTitle "GM"]
[WhiteElo "2709"]
[BlackElo "2598"]
[WhiteFideId "2047640"]
[BlackFideId "14120828"]
[EventDate "2020.10.25"]

1. e4 Nf6 2. e5 Nd5 3. c4 Nb6 4. d4 d6 5. f4 Bf5 6. Nc3 dxe5 7. fxe5 e6 8. Nf3
Bb4 9. Bd3 Bg4 10. O-O Nc6 11. c5 Nd5 12. Ne2 Bxf3 13. Rxf3 Nxd4 14. Nxd4 Bxc5
15. Kh1 c6 16. Nb3 Bb6 17. Bd2 Qc7 18. Qe2 O-O-O 19. Raf1 Rd7 20. a4 a6 21. Rg3
g6 22. Rgf3 h5 23. Bg5 Kb8 24. Nd2 Bd4 25. Nc4 Bc5 26. a5 h4 27. Rh3 Rh5 28. Qg4
Nb4 29. Be2 Rd4 30. Rf4 Rxf4 31. Qxf4 Nd5 32. Qd2 Bb4 33. Qc1 Rh8 34. Qa1 Bc5
35. Rxh4 Rxh4 36. Bxh4 Bd4 37. Qf1 Ka8 38. Bg3 Bc5 39. Nd6 Qxa5 40. Qxf7 Qa1+
41. Bf1 Qxb2 42. Ne4 Bd4 43. Qxe6 Ne3 44. Qc8+ Ka7 45. e6 Nxf1 46. Qb8+ Kb6 47.
Bc7+ Kb5 48. Qxb7+ Kc4 49. Qxb2 Bxb2 50. e7 Ne3 51. e8=Q 1-0

[Event "Speed Chess Invitational"]
[Site "chess.com INT"]
[Date "2020.10.25"]
[Round "1.2"]
[White "Bortnyk, Olexandr"]
[Black "Xiong, Jeffery"]
[Result "1-0"]
[WhiteTitle "GM"]
[BlackTitle "GM"]
[WhiteElo "2598"]
[BlackElo "2709"]
[WhiteFideId "14120828"]
[BlackFideId "2047640"]
[EventDate "2020.10.25"]

1. e4 c6 2. d4 d5 3. Nc3 dxe4 4. Nxe4 Nf6 5. Qd3 g6 6. Nxf6+ exf6 7. Nf3 Na6 8.
Qb3 Nb4 9. Bc4 Qe7+ 10. Kd1 Be6 11. Bxe6 fxe6 12. Re1 Kf7 13. Bd2 Na6 14. Re4
Qd7 15. Ke1 b5 16. Kf1 Qd5 17. Qe3 Bd6 18. Re1 Rae8 19. b3 b4 20. Qh6 Nc7 21.
Bf4 Bf8 22. Qh3 Nb5 23. Bd2 h5 24. Rf4 Bh6 25. Rfe4 Bxd2 26. Nxd2 Nxd4 27. Qd3
Rd8 28. Kg1 Rhe8 29. Nc4 Nf5 30. Qe2 Rd7 31. h3 Nd4 32. Qd3 e5 33. Kh1 Ne6 34.
Qe3 Ng5 35. Rh4 Kg7 36. f4 Nf7 37. f5 Nh6 38. fxg6 Nf5 39. Qf2 Nxh4 40. Qxh4
Kxg6 41. Rf1 Qe6 42. Ne3 Rd4 43. Qg3+ Kf7 44. Nf5 Qd5 45. Qg7+ Ke6 46. Nxd4+
Qxd4 47. Rxf6+ Kd5 48. Qd7+ Ke4 49. Qxc6+ Ke3 50. Qxe8 1-0

[Event "Speed Chess Invitational"]
[Site "chess.com INT"]
[Date "2020.10.25"]
[Round "1.3"]
[White "Xiong, Jeffery"]
[Black "Bortnyk, Olexandr"]
[Result "0-1"]
[WhiteTitle "GM"]
[BlackTitle "GM"]
[WhiteElo "2709"]
[BlackElo "2598"]
[WhiteFideId "2047640"]
[BlackFideId "14120828"]
[EventDate "2020.10.25"]

1. e4 Nf6 2. e5 Nd5 3. c4 Nb6 4. d4 d6 5. f4 dxe5 6. fxe5 Nc6 7. Be3 Bf5 8. Nc3
e6 9. Nf3 Be7 10. Be2 O-O 11. O-O f6 12. exf6 Bxf6 13. b3 Qd7 14. Qd2 Rad8 15.
Rad1 h6 16. Kh1 Qe7 17. Qe1 Nb4 18. Qg3 Nc2 19. Bxh6 Nxd4 20. Nxd4 Rxd4 21. Rxd4
Bxd4 22. Nb5 Bf6 23. Be3 c6 24. Nd4 Bh4 25. Qe5 Nd7 26. Qc7 Nc5 27. Qe5 Nd7 28.
Qc7 Nc5 29. Qa5 Bd3 30. Nxe6 Rxf1+ 31. Bxf1 Bxf1 32. Bxc5 Qxe6 33. Qxa7 Qe2 0-1

[Event "Speed Chess Invitational"]
[Site "chess.com INT"]
[Date "2020.10.25"]
[Round "1.4"]
[White "Bortnyk, Olexandr"]
[Black "Xiong, Jeffery"]
[Result "1-0"]
[WhiteTitle "GM"]
[BlackTitle "GM"]
[WhiteElo "2598"]
[BlackElo "2709"]
[WhiteFideId "14120828"]
[BlackFideId "2047640"]
[EventDate "2020.10.25"]

1. e4 c6 2. d4 d5 3. Nc3 dxe4 4. Nxe4 Nf6 5. Qd3 g6 6. Nxf6+ exf6 7. Nf3 Na6 8.
Qb3 Bg7 9. Bxa6 bxa6 10. Qa3 Qe7+ 11. Qxe7+ Kxe7 12. Be3 Be6 13. O-O-O a5 14. a3
Bd5 15. Rhg1 Kd7 16. Nd2 a4 17. Nb1 f5 18. Nc3 Rae8 19. Nxa4 Kc8 20. g3 Re7 21.
h4 h6 22. Rd3 Rd8 23. Rgd1 Bf3 24. R1d2 g5 25. hxg5 hxg5 26. b3 f4 27. gxf4 gxf4
28. Bxf4 Re1+ 29. Kb2 Be2 30. Rg3 Bxd4+ 31. Nc3 Bh5 32. Be3 Bf6 33. Rxd8+ Kxd8
34. Bg5 Bxg5 35. Rxg5 Bg6 36. Rg4 Kc7 37. Rf4 Re5 38. b4 a5 39. Rf6 axb4 40.
axb4 Kd7 41. Kb3 Kc7 42. Rf4 Kd7 43. Rd4+ Kc7 44. Rd2 Bf5 45. Na4 Be6+ 46. Ka3
Rf5 47. Nc5 Rf3+ 48. Kb2 Bd5 49. Re2 Kb6 50. Re7 Kb5 51. Nd3 Kc4 52. Ne5+ 1-0

[Event "Speed Chess Invitational"]
[Site "chess.com INT"]
[Date "2020.10.25"]
[Round "1.5"]
[White "Xiong, Jeffery"]
[Black "Bortnyk, Olexandr"]
[Result "1-0"]
[WhiteTitle "GM"]
[BlackTitle "GM"]
[WhiteElo "2709"]
[BlackElo "2598"]
[WhiteFideId "2047640"]
[BlackFideId "14120828"]
[EventDate "2020.10.25"]

1. e4 Nf6 2. e5 Nd5 3. c4 Nb6 4. d4 d6 5. f4 Bf5 6. Nc3 e6 7. Nf3 dxe5 8. fxe5
Bb4 9. Bd3 Bxd3 10. Qxd3 c5 11. Bg5 Qd7 12. O-O cxd4 13. Ne4 Nc6 14. c5 Nc8 15.
Bh6 f5 16. exf6 gxh6 17. f7+ Kf8 18. a3 Ba5 19. Nf6 Qxf7 20. Nxd4 Kg7 21. Nxe6+
Qxe6 22. Nh5+ Kg8 23. Qg3+ Qg6 24. Qb3+ 1-0

[Event "Speed Chess Invitational"]
[Site "chess.com INT"]
[Date "2020.10.25"]
[Round "1.6"]
[White "Bortnyk, Olexandr"]
[Black "Xiong, Jeffery"]
[Result "1/2-1/2"]
[WhiteTitle "GM"]
[BlackTitle "GM"]
[WhiteElo "2598"]
[BlackElo "2709"]
[WhiteFideId "14120828"]
[BlackFideId "2047640"]
[EventDate "2020.10.25"]

1. e4 c6 2. d4 d5 3. Nc3 dxe4 4. Nxe4 Nf6 5. Qd3 g6 6. Nxf6+ exf6 7. Nf3 Na6 8.
Qb3 Nc7 9. Bc4 Qe7+ 10. Be3 b5 11. Be2 Be6 12. Qc3 Qb4 13. Qxb4 Bxb4+ 14. c3 Bd6
15. O-O Kd7 16. Nd2 f5 17. Nb3 Bd5 18. Nc5+ Kc8 19. a4 Re8 20. Rfe1 a6 21. Bf1
Rb8 22. axb5 axb5 23. g3 Ra8 24. h4 h5 25. Rec1 Rxa1 26. Rxa1 Bxg3 27. Bg5 Bd6
28. Nd3 Bc4 29. f3 Nd5 30. Ra8+ Bb8 31. Kf2 f6 32. Bd2 Kb7 33. Ra1 Bd6 34. Be2
Bg3+ 35. Kxg3 Rxe2 36. Nc5+ Kb8 37. Bf4+ Nxf4 38. Kxf4 Rh2 39. b3 Bd5 40. Kg3
Rc2 41. c4 bxc4 42. bxc4 Rxc4 43. Nd7+ Kb7 44. Nc5+ Kb6 45. Rb1+ Kc7 46. Rb7+
Kc8 47. Rg7 Rxd4 48. Rxg6 f4+ 49. Kf2 Rd2+ 50. Ke1 Rh2 51. Rxf6 Rxh4 52. Kf2 Kc7
53. Nd3 Rh2+ 54. Kg1 Rd2 55. Nxf4 Bxf3 56. Ne6+ Kd6 57. Ng5+ Ke7 58. Rxf3 Rd5
59. Ne4 Re5 60. Rf4 Ke6 61. Kg2 Rf5 62. Rh4 Ke5 63. Ng3 Rg5 64. Kf3 Kd5 65. Nxh5
Kc5 66. Nf4 Kb5 67. Rh1 c5 68. Rb1+ Kc6 69. Ke4 Rg4 70. Ke5 Rg5+ 71. Ke4 Rg4 72.
Rc1 Rh4 73. Ke5 Rg4 74. Ne6 c4 75. Kf5 Rh4 76. Ke5 Rg4 77. Ra1 Kb5 78. Nd4+ Kb4
79. Rb1+ Kc3 80. Nf5 Kd3 81. Rd1+ Ke2 82. Rd4 Rxd4 83. Kxd4 c3 84. Kxc3 1/2-1/2

[Event "Speed Chess Invitational"]
[Site "chess.com INT"]
[Date "2020.10.25"]
[Round "1.7"]
[White "Xiong, Jeffery"]
[Black "Bortnyk, Olexandr"]
[Result "1-0"]
[WhiteTitle "GM"]
[BlackTitle "GM"]
[WhiteElo "2709"]
[BlackElo "2598"]
[WhiteFideId "2047640"]
[BlackFideId "14120828"]
[EventDate "2020.10.25"]

1. e4 Nf6 2. e5 Nd5 3. c4 Nb6 4. d4 d6 5. f4 Bf5 6. Nc3 e6 7. Nf3 dxe5 8. fxe5
Be7 9. Be3 O-O 10. Be2 f6 11. exf6 Bxf6 12. O-O Nc6 13. b3 Qe7 14. Bd3 Bg4 15.
Be4 Rad8 16. Bxc6 bxc6 17. Ne4 e5 18. Nxf6+ gxf6 19. h3 Bxf3 20. Qxf3 exd4 21.
Bh6 Rf7 22. Qxc6 d3 23. Rad1 f5 24. Qf3 Qe4 25. Qg3+ Kh8 26. Rfe1 Qd4+ 27. Be3
Qf6 28. Bf4 Nd7 29. Rxd3 Rg8 30. Qe3 Rfg7 31. Re2 Qa1+ 32. Kh2 Qf1 33. Rdd2 Nf6
34. Be5 Rg6 35. Qc3 Kg7 36. Rf2 Qe1 37. Rd7+ Kh6 38. Bf4+ Kh5 39. Rxh7+ Nxh7 40.
Qxe1 1-0

[Event "Speed Chess Invitational"]
[Site "chess.com INT"]
[Date "2020.10.25"]
[Round "1.8"]
[White "Bortnyk, Olexandr"]
[Black "Xiong, Jeffery"]
[Result "1-0"]
[WhiteTitle "GM"]
[BlackTitle "GM"]
[WhiteElo "2598"]
[BlackElo "2709"]
[WhiteFideId "14120828"]
[BlackFideId "2047640"]
[EventDate "2020.10.25"]

1. e4 c5 2. c3 Nf6 3. e5 Nd5 4. d4 cxd4 5. Nf3 d6 6. cxd4 Nc6 7. Nc3 dxe5 8.
dxe5 Nxc3 9. Qxd8+ Nxd8 10. bxc3 Nc6 11. Be3 e6 12. Bb5 Bd7 13. Rb1 Be7 14. Ke2
O-O 15. Rhd1 Rfd8 16. Rd2 Be8 17. Rxd8 Rxd8 18. Bxc6 Bxc6 19. Bxa7 Ra8 20. Bd4
Rxa2+ 21. Ke3 Kf8 22. h4 Ke8 23. g3 h6 24. Nd2 g5 25. hxg5 hxg5 26. Ne4 Kd7 27.
Nf6+ Bxf6 28. exf6 Kd6 29. f4 gxf4+ 30. gxf4 Kd5 31. Be5 Kc5 32. Rg1 Ra8 33. Rg7
Be8 34. Rg8 Rc8 35. Rf8 Kd5 36. Kf3 Kc6 37. Kg4 Kd7 38. Rh8 Rc4 39. Kg5 b5 40.
Rh2 Rc5 41. Ra2 Kc6 42. Ra8 Bd7 43. Rf8 1-0

[Event "Speed Chess Invitational"]
[Site "chess.com INT"]
[Date "2020.10.25"]
[Round "1.9"]
[White "Xiong, Jeffery"]
[Black "Bortnyk, Olexandr"]
[Result "1-0"]
[WhiteTitle "GM"]
[BlackTitle "GM"]
[WhiteElo "2709"]
[BlackElo "2598"]
[WhiteFideId "2047640"]
[BlackFideId "14120828"]
[EventDate "2020.10.25"]

1. e4 d6 2. d4 Nf6 3. Nc3 e5 4. dxe5 dxe5 5. Qxd8+ Kxd8 6. Bc4 Be6 7. Bxe6 fxe6
8. f3 Bc5 9. Nh3 Nc6 10. Bd2 Ke7 11. O-O-O a6 12. Rhe1 h6 13. Na4 Bd4 14. Be3
Rad8 15. Nf2 g5 16. Nc5 Bxc5 17. Bxc5+ Kf7 18. Nd3 h5 19. Rf1 Kg6 20. Rde1 g4
21. f4 Nd7 22. Ba3 Rde8 23. c3 Rh7 24. Rd1 Rf7 25. g3 Nf6 26. Rde1 Nd7 27. Kc2
Kg7 28. b3 b5 29. Rd1 a5 30. Bb2 Kg8 31. Bc1 Ref8 32. Rfe1 Kh7 33. Be3 Nf6 34.
Nc5 Re8 35. f5 exf5 36. exf5 Ng8 37. Rf1 b4 38. Ne4 Kh8 39. Rd5 bxc3 40. Kxc3
Nge7 41. Rc5 Nb4 42. Bg5 Rxf5 43. Bf6+ Kg8 44. Rxf5 Nxf5 45. Bxe5 c6 46. Nf6+
Kf7 47. Nxe8 Kxe8 48. Bf4 Nd5+ 49. Kd3 Nfe7 50. Rxa5 h4 51. Ke4 Kd7 52. gxh4 Ke6
53. Bg3 Nf5 54. Ra6 1-0

[Event "Speed Chess Invitational"]
[Site "chess.com INT"]
[Date "2020.10.25"]
[Round "1.10"]
[White "Bortnyk, Olexandr"]
[Black "Xiong, Jeffery"]
[Result "0-1"]
[WhiteTitle "GM"]
[BlackTitle "GM"]
[WhiteElo "2598"]
[BlackElo "2709"]
[WhiteFideId "14120828"]
[BlackFideId "2047640"]
[EventDate "2020.10.25"]

1. e4 c5 2. Be2 Nc6 3. d3 e6 4. f4 d5 5. Nf3 dxe4 6. dxe4 Qxd1+ 7. Bxd1 b6 8. c3
Nf6 9. e5 Nd5 10. O-O Ba6 11. Ba4 Rc8 12. Re1 Be7 13. g3 O-O 14. Nbd2 Rfd8 15.
Ne4 Na5 16. Bc2 h6 17. Kf2 Nc7 18. b3 Bd3 19. Bxd3 Rxd3 20. Ke2 c4 21. bxc4 Rcd8
22. Nd4 R3xd4 23. cxd4 Rxd4 24. Kf3 Nxc4 25. Be3 Rd3 26. Rac1 b5 27. Rc3 Rxc3
28. Nxc3 Bb4 29. Bd4 Nd5 30. Rc1 Ba3 31. Rc2 Nb4 32. Re2 a6 33. Ne4 Nc6 34. Bc3
b4 35. Ba1 Ne7 36. Rc2 Nb6 37. Rc7 Ned5 38. Ra7 Nc4 39. Rxa6 Nce3 40. Ra8+ Kh7
41. Ra7 Nc2 0-1

[Event "Speed Chess Invitational"]
[Site "chess.com INT"]
[Date "2020.10.25"]
[Round "1.11"]
[White "Xiong, Jeffery"]
[Black "Bortnyk, Olexandr"]
[Result "1/2-1/2"]
[WhiteTitle "GM"]
[BlackTitle "GM"]
[WhiteElo "2709"]
[BlackElo "2598"]
[WhiteFideId "2047640"]
[BlackFideId "14120828"]
[EventDate "2020.10.25"]

1. e4 d6 2. d4 Nf6 3. Nc3 Nbd7 4. Nf3 e5 5. Bc4 Be7 6. O-O O-O 7. a4 a6 8. Re1
b6 9. h3 Bb7 10. b3 c6 11. Bb2 b5 12. Bd3 Re8 13. Ne2 Qc7 14. Ng3 Bf8 15. Qd2 g6
16. Qc3 Qb6 17. axb5 axb5 18. Rxa8 Bxa8 19. Ra1 Bb7 20. Qa5 Qxa5 21. Rxa5 exd4
22. Bxd4 Ra8 23. Rxa8 Bxa8 24. e5 Nd5 25. exd6 Bxd6 26. Ne4 Be7 27. c4 Nb4 28.
Bb1 bxc4 29. bxc4 c5 30. Be3 f5 31. Ned2 Kf7 32. g4 Ke6 33. Ng5+ Bxg5 34. Bxg5
Ne5 35. gxf5+ gxf5 36. Be3 Na6 37. Nb3 Nxc4 38. Nxc5+ Nxc5 39. Bxc5 Be4 40. Ba2
Bd5 41. Bb1 Be4 42. Ba2 Bd5 43. Bxc4 Bxc4 1/2-1/2

[Event "Speed Chess Invitational"]
[Site "chess.com INT"]
[Date "2020.10.25"]
[Round "1.12"]
[White "Bortnyk, Olexandr"]
[Black "Xiong, Jeffery"]
[Result "0-1"]
[WhiteTitle "GM"]
[BlackTitle "GM"]
[WhiteElo "2598"]
[BlackElo "2709"]
[WhiteFideId "14120828"]
[BlackFideId "2047640"]
[EventDate "2020.10.25"]

1. e4 c5 2. Nf3 d6 3. c3 Nf6 4. h3 Nbd7 5. Bd3 b6 6. Bc2 Bb7 7. Qe2 Rc8 8. O-O
Qc7 9. d3 e6 10. Re1 Be7 11. Nbd2 O-O 12. Nf1 Qb8 13. Bf4 Rfe8 14. Ne3 Qa8 15.
Bh2 Bf8 16. Rad1 e5 17. Bb3 d5 18. exd5 Nxd5 19. Ng5 N7f6 20. Ng4 Rc7 21. Bxe5
h6 22. Nf3 Nf4 23. Qe3 Nxh3+ 24. gxh3 Nxg4 25. hxg4 Bxf3 26. Rc1 Rce7 27. Qf4
Bh1 28. Qg3 Rxe5 29. Rxe5 Rxe5 30. Kh2 Bd6 31. Rxh1 Re2 32. Qxd6 Rxf2+ 33. Kg3
Qg2+ 34. Kh4 Qxh1+ 35. Kg3 Rf3# 0-1

[Event "Speed Chess Invitational"]
[Site "chess.com INT"]
[Date "2020.10.25"]
[Round "1.13"]
[White "Xiong, Jeffery"]
[Black "Bortnyk, Olexandr"]
[Result "1-0"]
[WhiteTitle "GM"]
[BlackTitle "GM"]
[WhiteElo "2709"]
[BlackElo "2598"]
[WhiteFideId "2047640"]
[BlackFideId "14120828"]
[EventDate "2020.10.25"]

1. e4 Nf6 2. e5 Nd5 3. c4 Nb6 4. d4 d6 5. f4 dxe5 6. fxe5 Nc6 7. Be3 Bf5 8. Nc3
e6 9. Nf3 Bb4 10. Be2 Na5 11. c5 Nd5 12. Bd2 Bxc3 13. bxc3 O-O 14. c4 Nc6 15.
cxd5 Qxd5 16. Be3 Rad8 17. O-O Qe4 18. Qd2 h6 19. Rfe1 a6 20. Rad1 Ne7 21. Bc4
Qc6 22. Bf2 Be4 23. Bh4 Rd7 24. Bxe7 Rxe7 25. Qf4 Bd5 26. Bd3 f6 27. Qg3 f5 28.
Nd2 Bxa2 29. Qf2 Bd5 30. Bc4 Rd8 31. Rb1 Red7 32. Bxd5 Rxd5 33. Nf3 b6 34. cxb6
cxb6 35. Rec1 Qb7 36. Qc2 g5 37. Qc6 Qxc6 38. Rxc6 g4 39. Nh4 Rxd4 40. Rxe6 f4
41. Rexb6 Rd1+ 42. Rxd1 Rxd1+ 43. Kf2 Rd2+ 44. Kf1 Kf7 45. Rxa6 g3 46. hxg3 fxg3
47. Rf6+ Ke8 48. Nf5 Rf2+ 49. Kg1 Re2 50. Nxg3 Rxe5 51. Rxh6 Kf7 52. Rh5 Re3 53.
Kh2 Kg6 54. Rh4 Re8 55. Rg4+ Kh6 56. Nf5+ Kh7 57. Rg7+ Kh8 58. Ra7 Rg8 59. Nh4
Rg5 60. Kh3 Rb5 61. g3 Rc5 62. Kg4 Rc4+ 63. Kh5 Kg8 64. g4 Rc6 65. g5 Rd6 66.
Nf5 Rb6 67. g6 1-0

[Event "Speed Chess Invitational"]
[Site "chess.com INT"]
[Date "2020.10.25"]
[Round "1.1"]
[White "Svidler, Peter"]
[Black "Oparin, Grigoriy"]
[Result "1-0"]
[WhiteTitle "GM"]
[BlackTitle "GM"]
[WhiteElo "2723"]
[BlackElo "2652"]
[WhiteFideId "4102142"]
[BlackFideId "24125890"]
[EventDate "2020.10.25"]

1. Nf3 Nf6 2. c4 e6 3. g3 d5 4. Bg2 dxc4 5. Qa4+ c6 6. Qxc4 b5 7. Qc2 Bb7 8. O-O
Nbd7 9. a4 a6 10. Nc3 Be7 11. d4 O-O 12. Ne5 Nxe5 13. dxe5 Nd5 14. Rd1 Qb8 15.
Bf4 Rd8 16. Ne4 c5 17. Bg5 Qxe5 18. Bxe7 Nxe7 19. Qxc5 Rxd1+ 20. Rxd1 Qxc5 21.
Nxc5 Bxg2 22. Kxg2 bxa4 23. Rd4 Nc6 24. Rxa4 a5 25. Nd3 Rb8 26. Rc4 Nb4 27. Nxb4
axb4 28. Kf3 g6 29. Ke3 Kg7 30. Kd3 Rb5 31. Kc2 Re5 32. e4 f5 33. f3 fxe4 34.
Rxe4 Rxe4 35. fxe4 Kf6 36. Kb3 Ke5 37. Kxb4 Kxe4 38. Kc3 e5 39. Kd2 Kd4 40. Ke2
Ke4 41. b4 Kd4 42. b5 Kc5 43. Kd3 Kxb5 44. Ke4 1-0

[Event "Speed Chess Invitational"]
[Site "chess.com INT"]
[Date "2020.10.25"]
[Round "1.2"]
[White "Oparin, Grigoriy"]
[Black "Svidler, Peter"]
[Result "0-1"]
[WhiteTitle "GM"]
[BlackTitle "GM"]
[WhiteElo "2652"]
[BlackElo "2723"]
[WhiteFideId "24125890"]
[BlackFideId "4102142"]
[EventDate "2020.10.25"]

1. Nf3 g6 2. e4 Nf6 3. e5 Nh5 4. d4 d6 5. Be2 Nc6 6. O-O Bg7 7. Re1 O-O 8. exd6
exd6 9. Bg5 Nf6 10. d5 Ne7 11. c4 h6 12. Bc1 Ne4 13. Nbd2 Nc5 14. Nb3 Nf5 15.
Nbd4 Re8 16. Nxf5 Bxf5 17. Nd4 Bd3 18. Nb3 Bxe2 19. Rxe2 Qh4 20. Nxc5 dxc5 21.
Qc2 Bd4 22. Be3 Bxe3 23. fxe3 Re4 24. b3 Rae8 25. Qd3 Qe7 26. Rae1 Qe5 27. Qd2
Kg7 28. a4 b6 29. a5 h5 30. axb6 axb6 31. h3 Qg3 32. Qc3+ Kg8 33. Qd2 R8e5 34.
Kh1 Qg5 35. d6 cxd6 36. Qxd6 Re6 37. Qb8+ Kg7 38. Qc7 h4 39. Qb7 Qg3 40. Qa7 g5
41. Qb7 g4 42. hxg4 h3 43. Qd5 hxg2+ 44. Kg1 Rxg4 45. Qf5 Qh2+ 46. Kxh2 g1=Q+
47. Rxg1 Rh6+ 48. Qh5 Rxh5# 0-1

[Event "Speed Chess Invitational"]
[Site "chess.com INT"]
[Date "2020.10.25"]
[Round "1.3"]
[White "Svidler, Peter"]
[Black "Oparin, Grigoriy"]
[Result "1-0"]
[WhiteTitle "GM"]
[BlackTitle "GM"]
[WhiteElo "2723"]
[BlackElo "2652"]
[WhiteFideId "4102142"]
[BlackFideId "24125890"]
[EventDate "2020.10.25"]

1. e4 e5 2. Nf3 Nc6 3. Bb5 a6 4. Ba4 Nf6 5. O-O Nxe4 6. d4 b5 7. Bb3 d5 8. dxe5
Be6 9. Be3 Be7 10. c3 O-O 11. Nbd2 Bg4 12. Re1 Nxe5 13. Nxe4 Bxf3 14. gxf3 dxe4
15. fxe4 Nd3 16. Re2 Qd6 17. Bd5 Nf4 18. Bxf4 Qxf4 19. Bxa8 Qg4+ 20. Kf1 Qh3+
21. Ke1 Rxa8 22. Re3 Qxh2 23. Ke2 Qh5+ 24. Rf3 Rd8 25. Qc2 Bd6 26. Rd1 Re8 27.
Qd3 Qg4 28. Kd2 Rxe4 29. Re1 Rxe1 30. Kxe1 g6 31. Qd5 Qd7 32. Kf1 h5 33. c4 bxc4
34. Qxc4 a5 35. Qd5 a4 36. b3 axb3 37. Qxb3 Kg7 38. a4 Qg4 39. Rxf7+ Kh6 40.
Qe3+ g5 41. Qd3 1-0

[Event "Speed Chess Invitational"]
[Site "chess.com INT"]
[Date "2020.10.25"]
[Round "1.4"]
[White "Oparin, Grigoriy"]
[Black "Svidler, Peter"]
[Result "1-0"]
[WhiteTitle "GM"]
[BlackTitle "GM"]
[WhiteElo "2652"]
[BlackElo "2723"]
[WhiteFideId "24125890"]
[BlackFideId "4102142"]
[EventDate "2020.10.25"]

1. Nf3 d5 2. g3 g6 3. Bg2 Bg7 4. O-O Nf6 5. c4 c6 6. b3 Ne4 7. d4 O-O 8. Bb2 a5
9. Nc3 Bf5 10. e3 Nxc3 11. Bxc3 a4 12. Qe2 Qb6 13. Nd2 Qa6 14. Rfe1 Be6 15. e4
dxe4 16. Nxe4 Nd7 17. Ng5 Bf5 18. g4 Bf6 19. h4 1-0

[Event "Speed Chess Invitational"]
[Site "chess.com INT"]
[Date "2020.10.25"]
[Round "1.5"]
[White "Svidler, Peter"]
[Black "Oparin, Grigoriy"]
[Result "0-1"]
[WhiteTitle "GM"]
[BlackTitle "GM"]
[WhiteElo "2723"]
[BlackElo "2652"]
[WhiteFideId "4102142"]
[BlackFideId "24125890"]
[EventDate "2020.10.25"]

1. c4 Nf6 2. Nc3 c5 3. g3 e6 4. Bg2 d5 5. cxd5 exd5 6. d4 cxd4 7. Qxd4 Nc6 8.
Qa4 d4 9. Ne4 Be7 10. Nxf6+ Bxf6 11. Nh3 O-O 12. Nf4 Re8 13. O-O Bg5 14. Re1 Bg4
15. Qb5 Bxf4 16. Bxf4 Qd7 17. Rac1 a6 18. Qd3 Rac8 19. a3 Bf5 20. e4 dxe3 21.
Qxd7 exf2+ 22. Kxf2 Bxd7 23. Red1 Bg4 24. Rd2 h6 25. h3 Be6 26. Rd6 Na5 27. Rxc8
Rxc8 28. Rb6 Rc2+ 29. Kg1 Nc4 30. Rxb7 Rxg2+ 0-1

[Event "Speed Chess Invitational"]
[Site "chess.com INT"]
[Date "2020.10.25"]
[Round "1.6"]
[White "Oparin, Grigoriy"]
[Black "Svidler, Peter"]
[Result "0-1"]
[WhiteTitle "GM"]
[BlackTitle "GM"]
[WhiteElo "2652"]
[BlackElo "2723"]
[WhiteFideId "24125890"]
[BlackFideId "4102142"]
[EventDate "2020.10.25"]

1. Nf3 d5 2. g3 g6 3. Bg2 Bg7 4. O-O e5 5. d3 Nc6 6. c4 d4 7. e3 dxe3 8. Bxe3
Nge7 9. Nc3 O-O 10. Qd2 Nf5 11. Rad1 h6 12. Bc5 Re8 13. Rfe1 Bd7 14. Ba3 Rb8 15.
Ne4 Ncd4 16. Bc5 Nxf3+ 17. Bxf3 b6 18. Be3 Nxe3 19. fxe3 f5 20. Nc3 c6 21. Bg2
Qe7 22. Rf1 Rbd8 23. Qe2 Kh8 24. Kh1 Qd6 25. g4 fxg4 26. Ne4 Qe7 27. c5 bxc5 28.
Rc1 h5 29. Nxc5 Bf5 30. Ne4 Qd7 31. Rfd1 h4 32. Qf2 h3 33. Qh4+ Kg8 34. Bf1
Bxe4+ 35. dxe4 Qxd1 0-1

[Event "Speed Chess Invitational"]
[Site "chess.com INT"]
[Date "2020.10.25"]
[Round "1.7"]
[White "Svidler, Peter"]
[Black "Oparin, Grigoriy"]
[Result "1/2-1/2"]
[WhiteTitle "GM"]
[BlackTitle "GM"]
[WhiteElo "2723"]
[BlackElo "2652"]
[WhiteFideId "4102142"]
[BlackFideId "24125890"]
[EventDate "2020.10.25"]

1. e4 e5 2. Nf3 Nc6 3. Bc4 Nf6 4. d3 h6 5. O-O d6 6. a4 g5 7. Nc3 Bg7 8. a5 O-O
9. Nd5 Nxd5 10. Bxd5 a6 11. Nd2 Ne7 12. Bb3 Kh7 13. Nc4 f5 14. exf5 Bxf5 15. Ne3
Bg6 16. c3 Qd7 17. d4 exd4 18. cxd4 Nf5 19. Nxf5 Qxf5 20. Be3 Rae8 21. Qd2 c6
22. Qb4 Qd7 23. Rfe1 d5 24. Qc3 Re6 25. Bc2 Qf7 26. b4 Rfe8 27. Bxg6+ Qxg6 28.
Rad1 Re4 29. f3 R4e6 30. Bf2 Rxe1+ 31. Rxe1 Rxe1+ 32. Bxe1 Qb1 33. Kf1 Kg6 34.
Ke2 Qa2+ 35. Bd2 Qc4+ 36. Qxc4 dxc4 37. Ke3 Kf5 38. g4+ Ke6 39. Ke4 Bf6 40. f4
gxf4 41. Bxf4 Bg5 42. h4 Bxh4 43. Bxh6 Be1 44. Bf8 Bd2 45. Bc5 Kf6 46. d5 cxd5+
47. Kxd5 c3 48. Bd4+ Kg5 49. Bxc3 Bxc3 50. Kc5 Kxg4 51. Kb6 Bxb4 52. Kxb7 Bxa5
53. Kxa6 1/2-1/2